000 01873nam0a2200373 4500
001 RU\NLR\BIBL_A\022710973
005 20260409094542.0
010 _a978-5-00254-152-2
_9100
021 _aRU
_bКН-П-25-075388
_9КН-П-25-7315
035 _a(NLR Aleph) 022710973
090 _a13653464
_c13653464
100 _a20260128d2025 u y0rusy50 ca
101 0 _arus
102 _aRU
105 _aa j 000yy
181 0 _ai
_baxxe
182 0 _an
200 1 _aОбщая и неорганическая химия
_eзадачник для студентов-заочников
_fН. В. Трошанин, Т. Т. Зинкичева, К. А. Зинкичева [и др.]
_gМинистерство науки и высшего образования Российской Федерации, Казанский национальный исследовательский технологический университет
203 _aТекст
_bвизуальный
_cнепосредственный
210 _aКазань
_cБук
_d2025
215 _a83 с.
_cил., табл.
_d20
300 _aАвт. указаны на обороте тит. с.
320 _aБиблиогр.: с. 83 (15 назв.)
606 1 _aХимия
_jЗадачники
_9898913
_3RU\NLR\AUTH\666296
686 1 _aГ1я73-4
701 1 _aТрошанин
_bН. В.
_gНикита Владиславович
701 1 _aЗинкичева
_bТ. Т.
_gТамара Томовна
701 1 _aЗинкичева
_bК. А.
_gКсения Артемьевна
712 0 2 _4570
_aКазанский национальный исследовательский технологический университет
_9285377
_3RU\NLR\AUTH\8810198281
942 _cBOOK
980 _aNB